000 00935nam a2200277 a 4500
999 _c10632
_d10632
001 10632
003 BD-JhCC
005 20220307134020.0
008 981106s20161964nyua c 000 1 eng
010 _a9780141365374
020 _a0141301155 :
_c$4.98
035 _a(BD-JhCC)10632
040 _aDLC
_cDLC
_dDLC
_dBD-JhCC
042 _alcac
050 0 0 _aPZ7.D1515
_bCh 1998
082 0 0 _a823.914
_221
_bDAH 2016
100 1 _aDahl, Roald.
245 1 0 _aCharlie and the chocolate factory /
_cRoald Dahl ; illustrated by Quentin Blake.
260 _aNew York :
_bPuffin Books,
_c2016.
300 _a167 p. :
_bill. ;
_c20 cm.
520 _aEach of five children lucky enough to discover an entry ticket into Mr. Willy Wonka's mysterious chocolate factory takes advantage of the situation in his own way.
650 1 _aHumorous stories.
650 1 _aBehavior
_xFiction.
700 1 _aBlake, Quentin,
_eill.
942 _2ddc
_cBK
_012